000
00297 a2200145 4500
001
165018
020
_a
040
_c
Magnum
100
_a
Lenharo, Alcir
240
1
0
_a
Sacralizacao da politica
_l
por
245
1
0
_a
Sacralizacao da politica
362
0
_a
1899
697
_a
GERAL
942
_c
BK
999
_c
165018
_d
165018